000 00371 a2200157 4500
001 152877
040 _cEscola São Tomás de Aquino
100 _aRIVERO, Marcos Almada
240 1 0 _aOscar e sua cauda de minhoca
_lpor
245 1 0 _aOscar e sua cauda de minhoca
300 _a44
362 0 _a2013
440 1 _aFTD
697 _a*LITERATURA INFANTIL
942 _cBK
999 _c152877
_d152877